Proyecto de optimización de la planta potabilizadora de Guadalupe
Gespeichert in:
| 1. Verfasser: | |
|---|---|
| Format: | Unbekannt |
| Veröffentlicht: |
[San José, Costa Rica]
1980
|
| Schlagworte: | |
| Tags: |
Tag hinzufügen
Keine Tags, Fügen Sie den ersten Tag hinzu!
|
MARC
| LEADER | 00000 a2200000 4500 | ||
|---|---|---|---|
| 003 | 008658 | ||
| 005 | 20221231143741.0 | ||
| 008 | 140114s1980 cr m 000 ||s d | ||
| 040 | |c cru CEDI | ||
| 090 | |a TFG 976 | ||
| 100 | |a Smith Fonseca, Luis Guillermo |9 15958 | ||
| 245 | |a Proyecto de optimización de la planta potabilizadora de Guadalupe | ||
| 260 | |c 1980 |a [San José, Costa Rica] | ||
| 300 | |a [245] hojas : ilustraciones , foto. color ; 28 cm | ||
| 500 | |a Tesis (ingeniero civil)--Universidad de Costa Rica | ||
| 650 | |x PLANTA POTABILIZADORA DE GUADALUPE |x PURIFICACION DEL AGUA |9 15959 | ||
| 942 | |c TFG | ||
| 999 | |c 11245 |d 11245 | ||
